000 00422nam a22001457a 4500
005 20170403112356.0
008 170403b xxu||||| |||| 00| 0 eng d
040 _cPK-LaUMT
082 _aZIAC 297.07082
_bSHA-T
100 _aشاہجہان بیگم
245 _aتھزیب النسواں/
_cشاہجہان بیگم
260 _aگوجرانوالہ:
_bمکتبہ نعمانیہ،
_c[ ]
300 _a456 ص
942 _cBK
999 _c92294
_d92294